Literature - American | 4 | 6 | 0 | 0 | 120 | 49 | 81.60 | 0 | 1 |
Literature - British | 3 | 3 | 0 | 0 | 75 | 35 | 73.67 | 0 | 1 |
Literature - European | 1 | 6 | 0 | 0 | 75 | 22 | 70.14 | 0 | 1 |
Fine Arts - Painting | 1 | 5 | 0 | 0 | 65 | 66 | 90.00 | 0 | 0 |
Fine Arts - Music | 0 | 5 | 0 | 0 | 50 | 67 | 113.40 | 0 | 0 |
Literature - World and Miscellaneous | 2 | 2 | 0 | 0 | 50 | 62 | 94.75 | 0 | 0 |
History - American | 1 | 2 | 0 | 0 | 35 | 47 | 60.00 | 0 | 0 |
Current Events - U.S. | 1 | 0 | 0 | 0 | 15 | 57 | 57.00 | 0 | 0 |
History - Cross, Historiography, and Miscellaneous | 1 | 0 | 0 | 0 | 15 | 60 | 60.00 | 0 | 0 |
RMP - World Mythology | 1 | 0 | 0 | 0 | 15 | 49 | 49.00 | 0 | 1 |
Science - Biology | 1 | 0 | 0 | 0 | 15 | 46 | 46.00 | 0 | 0 |
Fine Arts - Architecture | 0 | 1 | 0 | 0 | 10 | 125 | 125.00 | 0 | 0 |
Social Science - Linguistics | 0 | 1 | 0 | 0 | 10 | 127 | 127.00 | 0 | 0 |
Social Science - Psychology | 0 | 1 | 0 | 0 | 10 | 94 | 94.00 | 0 | 0 |
Science - Engineering and Miscellaneous | 0 | 1 | 0 | 0 | 10 | 108 | 108.00 | 0 | 0 |
Fine Arts - Opera | 0 | 1 | 0 | 0 | 10 | 144 | 144.00 | 0 | 0 |
Fine Arts - Miscellaneous | 0 | 1 | 0 | 0 | 10 | 108 | 108.00 | 0 | 0 |